|
|
|
|
| LEADER |
00640cam a2200181 7i4500 |
| 001 |
0000049718 |
| 005 |
20241128090000.0 |
| 020 |
|
|
|a 0718134265
|
| 090 |
0 |
0 |
|a DS527.7
|b .O35 1991
|
| 100 |
1 |
|
|a O'Brien, Harriet
|
| 245 |
1 |
0 |
|a Forgotten land :
|b a rediscovery of Burma
|c Harriet O'Brien.
|
| 260 |
|
|
|a London:
|b Michael Joseph,
|c 1991.
|
| 300 |
|
|
|a xx, 249 p.:
|b ill., maps;
|c 22 cm.
|
| 500 |
|
|
|a Gift: Zainol Ahmad Resource Center
|
| 504 |
|
|
|a Includes bibliographical references and index
|
| 651 |
|
0 |
|a Burma --
|x Politics and government
|
| 651 |
|
0 |
|a Burma --
|x Description and travel
|
| 999 |
|
|
|a 0000067116
|b BOK
|c OPEN SHELF
|e 1st Floor, Bestari Jaya
|